<?xml version="1.0" encoding="UTF-8"?>
<marc:record xmlns:marc="http://www.loc.gov/MARC21/slim">
   <marc:leader>00000nam a2200000 a 4500</marc:leader>
   <marc:datafield ind1="1" ind2=" " tag="100">
      <marc:subfield code="a">Schulz, Gesine</marc:subfield>
      <marc:subfield code="4">aut</marc:subfield>
      <marc:subfield code="e">Verfasser/-in</marc:subfield>
   </marc:datafield>
   <marc:datafield ind1=" " ind2=" " tag="653">
      <marc:subfield code="a">Jugendbuch / Romane</marc:subfield>
   </marc:datafield>
   <marc:datafield ind1=" " ind2=" " tag="653">
      <marc:subfield code="a">Erzählungen</marc:subfield>
   </marc:datafield>
   <marc:datafield ind1="0" ind2="0" tag="245">
      <marc:subfield code="a">Fernando ist futsch</marc:subfield>
   </marc:datafield>
   <marc:datafield ind1="0" ind2="0" tag="245">
      <marc:subfield code="c">Gesine Schulz</marc:subfield>
   </marc:datafield>
   <marc:datafield ind1=" " ind2="1" tag="264">
      <marc:subfield code="a">Hamburg</marc:subfield>
      <marc:subfield code="b">Carlsen</marc:subfield>
      <marc:subfield code="c">2006</marc:subfield>
   </marc:datafield>
   <marc:datafield ind1="1" ind2=" " tag="490">
      <marc:subfield code="a">Carlsen</marc:subfield>
   </marc:datafield>
   <marc:datafield ind1="1" ind2=" " tag="520">
      <marc:subfield code="a">Angaben aus der Verlagsmeldung

Fernando ist futsch : Privatdetektivin Billie Pinkernell / von Gesine Schulz

Kinderkrimi mit Fesselfaktor - Sehr gut zum Vorlesen geeignet
Billie Pinkernell ist Junior-Privatdetektivin. Eine Erbschaft hat sie und ihre Mutter in das verschlafene Rabenstein verschlagen, wo Billie in einem alten Gartenhäuschen ihr neues Detektivbüro einrichtet. Schon bald hat Billie einen Fall. Der Hund Fernando wurde entführt, doch der Erpresser stellt seltsame Forderungen: kein Geld, sondern eine Gewichtsreduzierung! Er scheint ein ausgesprochener Tierfreund zu sein, denn er will Fernando erst zurückgeben, wenn der Hund und sein Frauchen endlich ihr Übergewicht abgebaut haben! Zusammen mit ihren neuen Freunden Tim und Loreley nimmt Billie die Spur auf...
</marc:subfield>
   </marc:datafield>
   <marc:datafield ind1=" " ind2=" " tag="020">
      <marc:subfield code="a">9783551364203</marc:subfield>
      <marc:subfield code="9">9783551364203</marc:subfield>
   </marc:datafield>
   <marc:datafield ind1=" " ind2=" " tag="020">
      <marc:subfield code="a">3551364206</marc:subfield>
      <marc:subfield code="9">3551364206</marc:subfield>
   </marc:datafield>
   <marc:datafield ind1=" " ind2=" " tag="041">
      <marc:subfield code="a">ger</marc:subfield>
   </marc:datafield>
   <marc:datafield ind1=" " ind2=" " tag="300">
      <marc:subfield code="a">157 S.</marc:subfield>
   </marc:datafield>
</marc:record>
